000 00583nam a2200169Ia 4500
008 110201s9999 xx 000 0 und d
082 _bB8783
_aS 1572
100 _aघरत राजेंद्र
245 _aअनोखी व्यिक्तमत्व
260 _bसृजन प्रकाशन
365 _b100
600 _aघरत राजेंद्र
630 _aअनोखी व्यिक्तमत्व
700 _aघरत राजेंद्र
730 _aअनोखी व्यिक्तमत्व
942 _cBOOK
999 _c834253
_d834250